| 000 | 00562nam a2200217 a 4500 | ||
|---|---|---|---|
| 999 |
_c9267 _d9267 |
||
| 001 | 9267 | ||
| 003 | BD-JhCC | ||
| 005 | 20180521102519.0 | ||
| 008 | 180312r19621960uk |||| |||| 000 0 eng d | ||
| 035 | _a(BD-JhCC)9267 | ||
| 040 |
_aBD-JhCC _dBD-JhCC |
||
| 041 | _aeng | ||
| 082 |
_a531.3 _bLON 1960 |
||
| 100 | _aLonely, S.L. | ||
| 245 |
_aDynamics of a particle / _cS.L. Lonely |
||
| 260 |
_aLondon: _bThe Syndics Of The Cambridge University Press, _c1960. |
||
| 300 |
_a384 p.: _c24 cm. |
||
| 650 | _aDynamics | ||
| 942 |
_2ddc _cBK |
||